1987 1038 1203 1372 1696 1458 1501 1237 1669 1551 1240 1755 1250 1194 1267 1414 1455 1364 1445 1567 1834 1012 1655 1131 1523 1508 1286 1959 1289 1986 1767 1811 1852 1880 1912 1438 1471 1080 1701 1449 1895 1989 1219 1718 1100 1065 1102 1088 1051 1250 1414 1708 1139 1011 2000 1065 1418 1075 1001 1146 1496 1970 1088 1553 1026 1102 1492 1326 1598 1471 1798 1492 1590 1853 1360 1694 1210 1456 1722 1438 1812 1188 1349 1935 1852 1545 1943 1866 1605 1123 1717 1822 1480 1225 1286 1950 1203 1402 1652 BCNSPRNW ULIB Ver.6.0+V

เปลี่ยนเป็นภาษาไทย

Change to English
 แสดงรายละเอียดบรรณานุกรม
  กลับหน้าหลัก

Brief Record : Get Marc (ISO 2709) : E-mail record : QR code < ปิดหน้าต่าง
LEADER : 00000nam 2200000uu 4500
001    13399121377
003     ULIB
008    121116s2550||||th 000 0 tha d
020    ^a9749348281
090    ^aรส.^bส644อ 2550
100 0  ^aสานุพันธ์ ตันติศิริวัฒน์
245 10 ^aอัจฉริยะบนทางสีขาว :^bดร. อาจอง ชุมสาย ณ อยุธยา /^cสานุพันธ์ ตันติศิริวัฒน์
250    ^aพิมพ์ครั้งที่ 6
260    ^aกรุงเทพฯ :^bฟรีมายด์,^c2550
300    ^a215 หน้า :^bภาพประกอบ ;^c21 ซม.
600 07 ^aอาจอง ชุมสาย ณ อยุธยา,^d2483-
650  7 ^aชีวประวัติ
650  7 ^aนักวิทยาศาสตร์
650  7 ^aนักวิทยาศาสตร์^xชีวประวัติ
650  7 ^aนักวิทยาศาสตร์^zไทย^vชีวประวัติ
945    ^p195^l0^i14088
995    ^aกัณชพร
999 ^a กัณชพร
รายการนี้ยังไม่มีแท็ก
คุณยังไม่ได้ล็อกอิน คุณสามารถมีกิจกรรมร่วมกับเว็บไซต์ได้ แต่ต้องล็อกอินก่อน ::
  ล็อกอิน

รายการสื่อสารสนเทศ

ลำดับที่ ประเภท เลขเรียก/บาร์โค้ด สถานที่ สถานะ
1. วิทยาศาสตร์การแพทย์ และสุขภาพ
วิทยาศาสตร์การแพทย์ และสุขภาพ
รส. ส644อ 2550  
  Barcode: 14088
ห้องสมุดวิทยาเขตสวรรค์ประชารักษ์
►นวนิยาย
บนชั้น
  ขอยืม

รายการใกล้เคียง
    ผู้แต่ง [สานุพันธ์ ตันติศิริวัฒน์]

    หัวเรื่อง [ชีวประวัติ]
    หัวเรื่อง [นักวิทยาศาสตร์]

BibComment


ยังไม่เคยถูกคอมเมนท์

คอมเมนท์ทรัพยากรรายการนี้
  คอมเมนท์: อัจฉริยะบนทางสีข..


 Copyright 2026. Bcnsprnw @Library